Về sáu lần Tôn Trung Sơn đến Việt Nam hoạt động cách mạng /

Bewaard in:
Bibliografische gegevens
Hoofdauteur: Nguyễn Thị Hương, ThS.NCS.
Formaat: Artikel
Taal:Vietnamese
Onderwerpen:
Tags: Voeg label toe
Geen labels, Wees de eerste die dit record labelt!
Thư viện lưu trữ: Thư viện Trường Đại học Đà Lạt
LEADER 00847nam a2200277 4500
001 DLU160175227
005 ##20160317
040 # # |a DLU  |b vie 
041 # # |a vie 
044 # # |a vn 
100 # # |a Nguyễn Thị Hương,   |c ThS.NCS. 
245 # # |a Về sáu lần Tôn Trung Sơn đến Việt Nam hoạt động cách mạng /  |c Nguyễn Thị Hương. 
653 # # |a Hoạt động Cách mạng 
653 # # |a Tôn Trung Sơn 
653 # # |a Trung Quốc 
653 # # |a Việt Nam 
773 # # |t Tạp chí Nghiên cứu Lịch sử  |g Số 5 (421), 2011, tr.52-60 
920 # # |a Phòng Tạp chí -- Trung tâm Thông tin - Thư viện Trường Đại học Đà Lạt 
994 # # |a DLU 
900 # # |a True 
911 # # |a Trần Thị Minh Hương 
925 # # |a G 
926 # # |a A 
927 # # |a BB 
980 # # |a Thư viện Trường Đại học Đà Lạt